000 00446nam a22001577a 4500
999 _c7871
_d7871
003 OSt
005 20200527135225.0
008 200527b ||||| |||| 00| 0 eng d
020 _a9788178131863
082 _a598
_bKAS
100 _aKasu, Ahmed Abdullah
245 _aAn introduction to art, craft, technique, science & profession of interior design
250 _a7th revised edition
260 _aMumbai
_bAshish Book Centre
_c1992
942 _2ddc